The Undiscovered Country Quiz Stats

 Plays Quiz Updated Mar 6, 2012

Challenge
Share
Tweet
Embed
Score 0/30 Timer 09:00
3 Plays Today
Word/Phrase Country % Correct
AF____IST_NGhana
97.2%
BE_GAL   T____Niger
85.6%
CL_____OPHOB__Austria
80.8%
__I_   _N_   _BELCanada
80%
C___N   REAC__ONHaiti
76.3%
NO___   PR___Belize
75.7%
B_   TH_   SA_E   TOK__Yemen
75.1%
CO_N-OPE_AT_D   __U__RYIreland
74.6%
ELECT____G_ET_C   W_VERomania
71.9%
AC_   _F   __DTogo
71.1%
D_C   __RTE_SOman
63.8%
_UOT__ION   M__KQatar
63.4%
_ET   _IR_L__EJapan
62.6%
___GORIA_   C_LEN__RGrenada
62.1%
H_N_Y   DAV_D   _HO___UEritrea
61.3%
Word/Phrase Country % Correct
N__K__-__D-_IMEIceland
57.8%
RO__H-___-RE_DYUganda
56.7%
__ORN   _VI___CESweden
56.3%
____B_A_C_LLYAlgeria
54.8%
S__L_   __LKMalta
54.2%
___ICE   B___Poland
53.8%
_RAG_____France
53%
CO__FORM   _ACT____Liberia
51%
___K   _PPeru
47.4%
___I_P__STYAngola
39.6%
GREA_E   ____TSpain
38.8%
___Z_AV_L_EBrazil
32.4%
___ACH_Mali
23.9%
___E   STE_KCuba
22.4%
__   _RA__AT_Latvia
18.8%

You're not logged in!

Compare scores with friends on all Sporcle quizzes.
Join for Free
OR
Log In

You Might Also Like...

Show Comments

Extras

Top Quizzes Today


Score Distribution

Your Account Isn't Verified!

In order to create a playlist on Sporcle, you need to verify the email address you used during registration. Go to your Sporcle Settings to finish the process.

Report this User

Report this user for behavior that violates our Community Guidelines.

Details: